[Event "U of Alberta op"]
[Site "Edmonton CAN"]
[Date "1990.04.29"]
[Round "5"]
[White "Asquith, Tom"]
[Black "Woodward"]
[Result "1-0"]
[WhiteElo "1542"]
[BlackElo "1689"]
[PlyCount "70"]
[GameId "2160767912519473"]
[EventDate "1989.04.29"]
[EventType "swiss"]
[EventCountry "CAN"]

1. e4 c5 2. c3 Nf6 3. e5 Nd5 4. d4 cxd4 5. Nf3 Nc6 6. Bc4 Nb6 7. Bb5 dxc3 8. Nxc3 a6 9. Bxc6 bxc6 10. Bf4 d6 11. O-O d5 12. Re1 e6 13. Ne2 Be7 14. Ng3 O-O 15. Qe2 Nc4 16. Qc2 Bb7 17. Nh5 Re8 18. Red1 Nb6 19. Rd3 f6 20. exf6 gxf6 21. Nd4 Kf7 22. Rf3 c5 23. Nxe6 Qd7 24. Qe2 Bf8 25. Ng5+ Kg6 26. Qd2 fxg5 27. Bxg5 Kxh5 28. Qf4 Qe6 29. Qh4+ Kg6 30. Rf6+ Qxf6 31. Bxf6 h6 32. f4 c4 33. f5+ Kh7 34. Qh5 Bc5+ 35. Kh1 Re7 1-0

[Event "Vancouver"]
[Site "Vancouver CAN"]
[Date "1989.??.??"]
[Round "?"]
[White "McLaren, Brian"]
[Black "Burke, Paul"]
[Result "1/2-1/2"]
[WhiteElo "2309"]
[BlackElo "2172"]
[PlyCount "105"]
[GameId "2160767912519990"]
[EventDate "1989.??.??"]
[EventType "swiss"]
[EventCountry "CAN"]
[SourceTitle "CFC 1990.06"]
[SourceDate "2011.01.01"]
[SourceVersion "1"]
[SourceVersionDate "2011.01.01"]
[SourceQuality "1"]

1. e4 c5 2. Nf3 e6 3. d4 cxd4 4. Nxd4 Nf6 5. Nc3 Nc6 6. Ndb5 d6 7. Bf4 e5 8. Bg5 a6 9. Na3 b5 10. Bxf6 gxf6 11. Nd5 f5 12. Bd3 Be6 13. c3 Bg7 14. Qh5 f4 15. g3 Bxd5 16. exd5 Ne7 17. Be4 Ng6 18. Nc2 a5 19. O-O O-O 20. a4 bxa4 21. Rxa4 Qd7 22. Rfa1 f5 23. Bg2 Qb5 24. R1a2 fxg3 25. fxg3 f4 26. Qg4 fxg3 27. hxg3 Qb6+ 28. Kh2 Rf2 29. Qe4 Raf8 30. Qe3 Qb5 31. c4 Qd7 32. Qe4 Nf4 33. gxf4 R8xf4 34. Qd3 Qg4 35. Qh3 Qxh3+ 36. Kxh3 Rxc2 37. Rxa5 Rff2 38. b3 Rc3+ 39. Kg4 Rxa2 40. Rxa2 Rxb3 41. Ra8+ Kf7 42. Kf5 Rb7 43. Bf3 Rc7 44. Bh5+ Ke7 45. Rg8 Bh6 46. Rh8 Be3 47. Rxh7+ Kd8 48. Rh8+ Kd7 49. Rh7+ Kc8 50. Rh8+ Kb7 51. Ke6 Bc5 52. Be8 e4 53. Rh4 1/2-1/2

[Event "Vancouver inv"]
[Site "Vancouver CAN"]
[Date "1989.04.15"]
[Round "1"]
[White "Vetemaa, Juri"]
[Black "Dubisch, Ralph"]
[Result "1-0"]
[WhiteElo "2405"]
[BlackElo "2270"]
[PlyCount "107"]
[GameId "2160767912519495"]
[EventDate "1989.04.15"]
[EventType "tourn"]
[EventRounds "9"]
[EventCountry "CAN"]
[SourceTitle "EXT 2003"]
[Source "ChessBase"]
[SourceDate "2002.11.25"]
[SourceVersion "1"]
[SourceVersionDate "2002.11.25"]
[SourceQuality "1"]

1. e4 c5 2. Nf3 Nc6 3. Bb5 g6 4. O-O Bg7 5. Re1 Nh6 6. Nc3 O-O 7. d3 d6 8. h3 e6 9. Be3 Nd4 10. Bc4 Bd7 11. a4 Bc6 12. Nb5 d5 13. Nbxd4 cxd4 14. Bg5 Qb6 15. Bb3 Kh8 16. e5 a5 17. Qd2 Ng8 18. Qf4 h6 19. Qh4 Bd7 20. Nxd4 f6 21. exf6 Rxf6 22. Nf3 Rf5 23. Be3 Qd6 24. d4 Qf8 25. Qg3 g5 26. h4 g4 27. Ne5 Bxe5 28. dxe5 Qg7 29. c3 Ne7 30. Bc2 Rh5 31. Rad1 Nf5 32. Bxf5 Rxf5 33. b3 Be8 34. Bc5 Bh5 35. Rd4 Qf7 36. Qe3 Kh7 37. c4 Rf3 38. Qd2 Rg8 39. g3 Qc7 40. Ba3 Qb6 41. Bc1 Rg6 42. Re3 Rxe3 43. Qxe3 Qc5 44. Qd2 dxc4 45. Rd7+ Kh8 46. Rd8+ Kh7 47. Qd7+ Rg7 48. Qxe6 Bg6 49. h5 cxb3 50. hxg6+ Rxg6 51. Qf7+ Rg7 52. Qf5+ Rg6 53. Rd7+ Kh8 54. Qxg6 1-0

[Event "Vancouver inv"]
[Site "Vancouver CAN"]
[Date "1989.04.??"]
[Round "3"]
[White "Fullbrook, Nigel"]
[Black "Dubisch, Ralph"]
[Result "0-1"]
[WhiteElo "2265"]
[BlackElo "2270"]
[PlyCount "66"]
[GameId "2160767912519503"]
[EventDate "1989.04.15"]
[EventType "tourn"]
[EventRounds "9"]
[EventCountry "CAN"]
[SourceTitle "EXT 2003"]
[Source "ChessBase"]
[SourceDate "2002.11.25"]
[SourceVersion "1"]
[SourceVersionDate "2002.11.25"]
[SourceQuality "1"]

1. e4 c5 2. Nf3 Nc6 3. d4 cxd4 4. Nxd4 Nf6 5. Nc3 e5 6. Nf3 Bb4 7. Bc4 O-O 8. Bg5 Bxc3+ 9. bxc3 Qa5 10. Bxf6 Qxc3+ 11. Nd2 gxf6 12. O-O Nd4 13. Re1 d5 14. Bxd5 Qxc2 15. Qh5 Qxd2 16. Re3 Nc2 17. Rd1 Qxd1+ 18. Qxd1 Nxe3 19. fxe3 Be6 20. Bxb7 Rab8 21. Bd5 Rfd8 22. Qf3 Kg7 23. h4 Rb5 24. a4 Rb1+ 25. Kh2 Bxd5 26. exd5 Rb4 27. e4 Rxa4 28. Qg4+ Kf8 29. Qf5 Kg7 30. g4 Ra2+ 31. Kg3 Ra3+ 32. Kf2 Rb8 33. Qxf6+ Kxf6 0-1

[Event "Vancouver inv"]
[Site "Vancouver CAN"]
[Date "1989.04.??"]
[Round "5"]
[White "Basanta, Gary"]
[Black "Dubisch, Ralph"]
[Result "0-1"]
[WhiteElo "2260"]
[BlackElo "2270"]
[PlyCount "90"]
[GameId "2160767912519511"]
[EventDate "1989.04.15"]
[EventType "tourn"]
[EventRounds "9"]
[EventCountry "CAN"]
[SourceTitle "EXT 2003"]
[Source "ChessBase"]
[SourceDate "2002.11.25"]
[SourceVersion "1"]
[SourceVersionDate "2002.11.25"]
[SourceQuality "1"]

1. e4 c5 2. Nf3 Nc6 3. d4 cxd4 4. Nxd4 Nf6 5. Nc3 e5 6. Nf3 Bb4 7. Bc4 O-O 8. Bg5 Bxc3+ 9. bxc3 Qa5 10. Bxf6 Qxc3+ 11. Nd2 gxf6 12. O-O Nd4 13. Re1 d5 14. Re3 Qxc2 15. Qh5 Qxd2 16. Qh4 Re8 17. Qxf6 Be6 18. Rg3+ Kf8 19. exd5 Bxd5 20. Qg7+ Ke7 21. Qxe5+ Be6 22. Rd3 Qf4 23. Qc5+ Qd6 24. Qg5+ Kf8 25. Qh6+ Ke7 26. Qh4+ Kf8 27. Rxd4 Qe5 28. Rad1 Bxc4 29. Qh6+ Kg8 30. h4 Be6 31. R1d3 Kh8 32. Rf4 Rg8 33. Rf6 Rad8 34. Rxd8 Rxd8 35. g3 b5 36. Kh2 b4 37. Rf4 a5 38. Rf3 a4 39. Rd3 Rc8 40. Rd2 b3 41. axb3 axb3 42. Rd1 b2 43. h5 Qf5 44. g4 Qxf2+ 45. Kh1 Bd5+ 0-1

[Event "Vancouver inv"]
[Site "Vancouver CAN"]
[Date "1989.04.??"]
[Round "5"]
[White "Fullbrook, Nigel"]
[Black "Vetemaa, Juri"]
[Result "0-1"]
[WhiteElo "2265"]
[BlackElo "2405"]
[PlyCount "46"]
[GameId "2160767912519513"]
[EventDate "1989.04.15"]
[EventType "tourn"]
[EventRounds "9"]
[EventCountry "CAN"]
[SourceTitle "EXT 2003"]
[Source "ChessBase"]
[SourceDate "2002.11.25"]
[SourceVersion "1"]
[SourceVersionDate "2002.11.25"]
[SourceQuality "1"]

1. e4 c5 2. Nf3 e6 3. d4 cxd4 4. Nxd4 Nf6 5. Nc3 d6 6. Bg5 Be7 7. f4 h6 8. Bxf6 Bxf6 9. e5 dxe5 10. Bb5+ Ke7 11. fxe5 Bxe5 12. Nf5+ exf5 13. Nd5+ Kf8 14. Qe2 Qh4+ 15. g3 Qe4 16. O-O-O Qxe2 17. Bxe2 Nc6 18. Bb5 Be6 19. Rhe1 Rd8 20. Bxc6 bxc6 21. Nb4 Rxd1+ 22. Rxd1 Ke7 23. Nxc6+ Kf6 0-1

[Event "Vancouver inv"]
[Site "Vancouver CAN"]
[Date "1989.04.??"]
[Round "7"]
[White "Basanta, Gary"]
[Black "Vetemaa, Juri"]
[Result "0-1"]
[WhiteElo "2260"]
[BlackElo "2405"]
[PlyCount "64"]
[GameId "2160767912519521"]
[EventDate "1989.04.15"]
[EventType "tourn"]
[EventRounds "9"]
[EventCountry "CAN"]
[SourceTitle "EXT 2003"]
[Source "ChessBase"]
[SourceDate "2002.11.25"]
[SourceVersion "1"]
[SourceVersionDate "2002.11.25"]
[SourceQuality "1"]

1. e4 c5 2. Nf3 d6 3. d4 cxd4 4. Nxd4 Nf6 5. Nc3 a6 6. Be2 e5 7. Nb3 Be7 8. O-O O-O 9. a4 Be6 10. f4 Qc7 11. Be3 Nbd7 12. Kh1 exf4 13. Rxf4 Ne5 14. Nd4 Nfd7 15. Nf5 Bg5 16. Rf1 Bxe3 17. Nxe3 Nf6 18. Qd2 Qc5 19. Nf5 Bxf5 20. Rxf5 Rfe8 21. Raf1 Re6 22. Qg5 h6 23. Qh4 Qb4 24. h3 Qxb2 25. Qg3 Rc8 26. Rxf6 Rxc3 27. Bd3 Rxf6 28. Rxf6 Nxd3 29. Rxd6 Qxc2 30. Kh2 Nf2 31. Rd8+ Kh7 32. Qf4 Rxh3+ 0-1

[Event "Vancouver inv"]
[Site "Vancouver CAN"]
[Date "1989.04.23"]
[Round "9"]
[White "Basanta, Gary"]
[Black "Fullbrook, Nigel"]
[Result "1/2-1/2"]
[WhiteElo "2260"]
[BlackElo "2265"]
[PlyCount "181"]
[GameId "2160767912519530"]
[EventDate "1989.04.15"]
[EventType "tourn"]
[EventRounds "9"]
[EventCountry "CAN"]
[SourceTitle "EXT 2003"]
[Source "ChessBase"]
[SourceDate "2002.11.25"]
[SourceVersion "1"]
[SourceVersionDate "2002.11.25"]
[SourceQuality "1"]

1. e4 d6 2. d4 Nf6 3. f3 c6 4. c4 g6 5. Nc3 Bg7 6. Be3 a5 7. Qd2 Na6 8. Nge2 Nc7 9. g4 b5 10. Ng3 bxc4 11. Bh6 Bxh6 12. Qxh6 Rb8 13. g5 Nd7 14. Qg7 Rf8 15. Bxc4 Rxb2 16. Qxh7 e5 17. Bxf7+ Rxf7 18. Qxg6 Nf8 19. Qh5 exd4 20. Nd1 Rc2 21. O-O Ba6 22. Rf2 Rxf2 23. Nxf2 Nce6 24. Nh3 Ng7 25. Qh6 Bc8 26. g6 Rb7 27. Ng5 Qf6 28. Nf7 Nxg6 29. Nh8 d3 30. Qxg6+ Qxg6 31. Nxg6 c5 32. Kf2 Rb2+ 33. Ke3 Rxh2 34. Nf4 c4 35. Nd5 Ne6 36. Re1 Ba6 37. Nc3 Kd7 38. Nf5 Nc5 39. Rg1 Ne6 40. Rc1 a4 41. Ng3 a3 42. Nf5 Rb2 43. Rh1 Rc2 44. Rh7+ Kc6 45. Ne7+ Kc5 46. Rh5+ Kb6 47. Ned5+ Ka7 48. f4 Nc5 49. f5 Bb7 50. Rh7 Nxe4 51. Nxe4 Re2+ 52. Kd4 d2 53. Nec3 d1=Q+ 54. Nxd1 Rd2+ 55. Kxc4 Rxd1 56. f6 Ka6 57. Nc7+ Kb6 58. f7 Rc1+ 59. Kb4 Rxc7 60. f8=Q Rxh7 61. Qxd6+ Bc6 62. Qc5+ Kb7 63. Ka5 Rc7 64. Qxa3 Bd7 65. Qb4+ Kc8 66. Qf8+ Kb7 67. Qd6 Kc8 68. Qf8+ Kb7 69. Kb4 Bc8 70. a4 Ka7 71. Qd6 Rd7 72. Qc6 Rb7+ 73. Kc5 Kb8 74. Qd6+ Ka8 75. a5 Ra7 76. Qd8 Kb8 77. Qb6+ Ka8 78. Qc6+ Kb8 79. Qd6+ Ka8 80. Qd5+ Kb8 81. Qe5+ Ka8 82. Kb6 Rb7+ 83. Kc6 Ra7 84. Kd6 Kb8 85. Kc6+ Ka8 86. a6 Bd7+ 87. Kb6 Bc8 88. Qd5+ Kb8 89. Qd6+ Ka8 90. Qh2 Rd7 91. Qh1+ 1/2-1/2

[Event "Winnipeg"]
[Site "Winnipeg CAN"]
[Date "1989.??.??"]
[Round "4"]
[White "Gentes, Kevin"]
[Black "Babb, Jeff"]
[Result "1-0"]
[WhiteElo "2300"]
[BlackElo "2140"]
[PlyCount "61"]
[GameId "2160767912520003"]
[EventDate "1989.??.??"]
[EventType "swiss"]
[EventCountry "CAN"]

1. e4 e5 2. Nc3 Nf6 3. Bc4 Nc6 4. d3 Bc5 5. f4 d6 6. Nf3 a6 7. a3 Bg4 8. h3 Bxf3 9. Qxf3 Nd4 10. Qg3 exf4 11. Qxg7 Rf8 12. Kd1 Qe7 13. Nd5 Nxd5 14. Bxd5 c6 15. Ba2 f5 16. Qxe7+ Kxe7 17. c3 Ne6 18. d4 fxe4 19. Bxe6 Bxd4 20. cxd4 Kxe6 21. Rf1 e3 22. Ke2 Kd5 23. g3 Kxd4 24. Rxf4+ Rxf4 25. Bxe3+ Kc4 26. gxf4 d5 27. Rc1+ Kb3 28. Bd4 Rc8 29. Rc3+ Ka2 30. f5 b6 31. b4 1-0

[Event "Winter op"]
[Site "Victoria CAN"]
[Date "1989.01.21"]
[Round "1"]
[White "Seedhouse, Ed"]
[Black "Chrumka, Jeff"]
[Result "1/2-1/2"]
[WhiteElo "1960"]
[BlackElo "1725"]
[PlyCount "105"]
[GameId "2160767912519809"]
[EventDate "1989.01.21"]
[EventType "swiss"]
[EventRounds "5"]
[EventCountry "CAN"]
[SourceTitle "EXT 2022"]
[Source "ChessBase"]
[SourceDate "2021.10.06"]
[SourceVersion "1"]
[SourceVersionDate "2021.10.06"]
[SourceQuality "1"]

1. e4 c6 2. d3 d5 3. Nd2 g6 4. g3 Bg7 5. Bg2 e5 6. Ngf3 Bg4 7. h3 Bxf3 8. Qxf3 Ne7 9. O-O O-O 10. Qe2 d4 11. f4 Nd7 12. a4 f5 13. Nf3 Qc7 14. Bd2 c5 15. b3 Rae8 16. Rae1 h6 17. Qd1 Kh7 18. Qc1 Nc6 19. Re2 fxe4 20. dxe4 Qd8 21. Qe1 exf4 22. gxf4 Nf6 23. Nh2 Nh5 24. e5 Qc8 25. Ng4 Ne7 26. Be4 Nf5 27. Rf3 b6 28. Qf2 Qe6 29. Re1 Rf7 30. Bd3 Rfe7 31. Bc4 Qc8 32. Kh2 Qb7 33. Rd3 a6 34. Qf3 Qxf3 35. Rxf3 a5 36. Bd3 Rf8 37. Bc4 Rfe8 38. Re2 Rd8 39. Bd3 Rf8 40. Rf1 Ree8 41. Bc4 Re7 42. Rg1 Nh4 43. Rf1 Rd8 44. Bd3 Rf8 45. Ref2 Nf5 46. Rg1 Re6 47. Rff1 Re7 48. Nf2 Nh4 49. Ne4 Re6 50. Rg4 Nf5 51. Rfg1 Ne7 52. Nd6 Nf5 53. Bc4 1/2-1/2

[Event "Winter op"]
[Site "Victoria CAN"]
[Date "1989.01.21"]
[Round "2"]
[White "Lee, Kelly"]
[Black "Seedhouse, Ed"]
[Result "0-1"]
[WhiteElo "1905"]
[BlackElo "1960"]
[PlyCount "106"]
[GameId "2160767912519812"]
[EventDate "1989.01.21"]
[EventType "swiss"]
[EventRounds "5"]
[EventCountry "CAN"]
[SourceTitle "EXT 2022"]
[Source "ChessBase"]
[SourceDate "2021.10.06"]
[SourceVersion "1"]
[SourceVersionDate "2021.10.06"]
[SourceQuality "1"]

1. e4 e5 2. Nf3 Nc6 3. Bb5 a6 4. Bxc6 dxc6 5. O-O f6 6. d4 exd4 7. Nxd4 c5 8. Nb3 Qxd1 9. Rxd1 Bg4 10. f3 Be6 11. Bf4 c4 12. Nc1 Rd8 13. Rxd8+ Kxd8 14. Be3 Ne7 15. Ne2 Nc6 16. Nd4 Nxd4 17. Bxd4 Be7 18. Nc3 Kc8 19. Kf2 Rd8 20. Be3 b5 21. g4 c6 22. Rg1 g6 23. f4 Bg8 24. Kf3 Kc7 25. Nd1 b4 26. c3 c5 27. Nf2 Kc6 28. f5 g5 29. Rh1 Bd6 30. h4 h6 31. hxg5 hxg5 32. Rd1 Bc7 33. Rxd8 Bxd8 34. Nh3 Kd6 35. Bf2 bxc3 36. bxc3 Ba5 37. Bg3+ Ke7 38. e5 Bd5+ 39. Ke3 Bxc3 40. exf6+ Bxf6 41. Kd2 c3+ 42. Kc2 Bxa2 43. Be1 Bd5 44. Bxc3 Bf3 45. Bd2 Bxg4 46. Nxg5 Bxf5+ 47. Kc1 Kd6 48. Nf3 Kd5 49. Ba5 Kc4 50. Bc7 Kb4 51. Be5 Bxe5 52. Nxe5 a5 53. Kb2 a4 0-1

[Event "Winter op"]
[Site "Victoria CAN"]
[Date "1989.01.21"]
[Round "3"]
[White "Seedhouse, Ed"]
[Black "Bagai, Rajiv"]
[Result "1-0"]
[WhiteElo "1960"]
[BlackElo "1625"]
[PlyCount "33"]
[GameId "2160767912519814"]
[EventDate "1989.01.21"]
[EventType "swiss"]
[EventRounds "5"]
[EventCountry "CAN"]
[SourceTitle "EXT 2022"]
[Source "ChessBase"]
[SourceDate "2021.10.06"]
[SourceVersion "1"]
[SourceVersionDate "2021.10.06"]
[SourceQuality "1"]

1. e4 e6 2. d4 d5 3. e5 c5 4. c3 Qb6 5. Nf3 Nc6 6. a3 a5 7. Bd3 f6 8. O-O Bd7 9. Bc2 fxe5 10. dxe5 Be7 11. Re1 O-O-O 12. Nbd2 Nh6 13. Nf1 Nf7 14. b4 h6 15. Rb1 c4 16. Be3 Qa6 17. b5 1-0

[Event "Winter op"]
[Site "Victoria CAN"]
[Date "1989.01.22"]
[Round "4"]
[White "Williams, D."]
[Black "Seedhouse, Ed"]
[Result "0-1"]
[WhiteElo "1605"]
[BlackElo "1960"]
[PlyCount "68"]
[GameId "2160767912519816"]
[EventDate "1989.01.21"]
[EventType "swiss"]
[EventRounds "5"]
[EventCountry "CAN"]
[SourceTitle "EXT 2022"]
[Source "ChessBase"]
[SourceDate "2021.10.06"]
[SourceVersion "1"]
[SourceVersionDate "2021.10.06"]
[SourceQuality "1"]

1. e4 e5 2. Nf3 Nc6 3. Bb5 a6 4. Ba4 Nf6 5. d3 b5 6. Bb3 Be7 7. O-O O-O 8. Nbd2 d6 9. Re1 Na5 10. c3 c5 11. Bc2 Ne8 12. Nf1 f5 13. exf5 Bxf5 14. Ng3 Bg4 15. Be3 Bxf3 16. gxf3 Bg5 17. Kh1 Bf4 18. Rg1 Qh4 19. Qf1 Ra7 20. Qg2 Raf7 21. Raf1 Rf6 22. Bd1 Rh6 23. Re1 Kh8 24. Bxf4 Rxf4 25. Ne4 Qh5 26. Ng3 Qg6 27. Re4 Qf6 28. Be2 d5 29. Rxf4 exf4 30. Nf1 Qe6 31. Bd1 Rg6 32. Ng3 fxg3 33. fxg3 Qe3 34. Bc2 Re6 0-1

[Event "Winter op"]
[Site "Victoria CAN"]
[Date "1989.01.22"]
[Round "5"]
[White "Laurin, Jacques"]
[Black "Seedhouse, Ed"]
[Result "1/2-1/2"]
[WhiteElo "1870"]
[BlackElo "1960"]
[PlyCount "120"]
[GameId "2160767912519818"]
[EventDate "1989.01.21"]
[EventType "swiss"]
[EventRounds "5"]
[EventCountry "CAN"]
[SourceTitle "EXT 2022"]
[Source "ChessBase"]
[SourceDate "2021.10.06"]
[SourceVersion "1"]
[SourceVersionDate "2021.10.06"]
[SourceQuality "1"]

1. e4 e5 2. Nf3 Nc6 3. d4 exd4 4. Nxd4 Nf6 5. Nxc6 bxc6 6. Nc3 Bb4 7. Bd3 O-O 8. O-O Re8 9. Bg5 h6 10. Bh4 d6 11. f3 Bc5+ 12. Kh1 a6 13. Ne2 Rb8 14. Qc1 d5 15. Rd1 Qe7 16. Re1 Qe5 17. c3 Qh5 18. Bxf6 gxf6 19. Ng3 Qh4 20. exd5 Bd7 21. dxc6 Bf2 22. Rxe8+ Bxe8 23. Nf5 Qh5 24. Nxh6+ Kf8 25. Nf5 Bxc6 26. Qf4 Re8 27. Qh6+ Qxh6 28. Nxh6 Re3 29. Ng4 Rxf3 30. Bxa6 Rf4 31. Rf1 Rxg4 32. Rxf2 Ra4 33. Bd3 Rxa2 34. h4 Kg7 35. Kh2 Ra4 36. g3 Ra1 37. Bf1 Rc1 38. g4 Bd7 39. Kg3 Re1 40. Bd3 Rg1+ 41. Kh2 Rxg4 42. Rg2 Rxg2+ 43. Kxg2 Be6 44. c4 Kh6 45. b4 Kh5 46. Kg3 f5 47. Be2+ Kg6 48. Kf4 Kf6 49. b5 Kg7 50. Bf3 Bc8 51. c5 Bd7 52. b6 cxb6 53. cxb6 Bc8 54. b7 Bxb7 55. Bxb7 Kh7 56. Kxf5 Kh8 57. Kf6 Kh7 58. Kxf7 Kh8 59. Kf8 Kh7 60. Kf7 Kh8 1/2-1/2